Distributed Computing and Internet Technology : Third International Conference, ICDCIT 2006, Bhubaneswar, India, December 20-23, 2006 /

保存先:
書誌詳細
第一著者: Sanjay K. Madria, Kajal T. Claypool, Rajgopal Kannan, Prem Uppuluri, Manoj Madhava Gore (edición)
フォーマット: 図書
言語:英語
出版事項: Berlín, Alemania : Springer, 2006, c2006
シリーズ:(Lecture Notes in Computer Science)
オンライン・アクセス:Ver documento en línea
タグ: タグ追加
タグなし, このレコードへの初めてのタグを付けませんか!

MARC

LEADER 00000nam^a22000000a04500
001 000605566
009 20260411195413.471
020 |a 978-3-540-68380-3 
022 |a 1611-3349 
037 |a Acervo ITESO - Biblioteca 
041 |a ING 
082 |a Libro en línea 
100 |a Sanjay K. Madria, Kajal T. Claypool, Rajgopal Kannan, Prem Uppuluri, Manoj Madhava Gore  |e (edición) 
245 |a Distributed Computing and Internet Technology :  |b Third International Conference, ICDCIT 2006, Bhubaneswar, India, December 20-23, 2006 / 
264 4 |a Berlín, Alemania :  |b Springer,  |c 2006, c2006 
264 2 |a Cham, Suiza :  |b Springer Link [distribución],  |c 2025 
300 |a 1 libro electrónico en línea (XX, 468 p.) 
300 |a 1 recurso en línea 
336 |a datos para computadora  |b cod  |2 rdacontenido 
337 |a computadora  |b c  |2 rdamedio 
338 |a recurso en línea  |b cr  |2 rdasoporte 
440 |a (Lecture Notes in Computer Science) 
506 0 |a Licencias ilimitadas 
567 |a Catalogación rápida 
649 |a XX 
856 4 0 |u https://link-springer-com.ezproxy.iteso.mx/10.1007/11951957  |y Ver documento en línea 
910 |a Fondo General 
920 |a Electrónicos - Libros en Línea 
930 |a Plataforma Digital 
905 |a 205 
902 |a https://opac.biblio.iteso.mx/vufind/Record/000605566